000 00543cam a2200181 4500500
005 20260405001448.0
041 _afre
042 _adc
100 1 0 _aTenaillon, Nicolas
_eauthor
245 0 0 _aDe l’utilité de Sun Tzu au quotidien
260 _c2013.
500 _a36
690 _aChine
690 _astratégie
690 _aSun Tzu
786 0 _nPhilosophie magazine | 67 | 3 | 2013-03-01 | p. 44-44 | 1951-1787
856 4 1 _uhttps://shs.cairn.info/magazine-philosophie-magazine-2013-3-page-44?lang=fr&redirect-ssocas=7080
999 _c2047893
_d2047893